[Event "Gran Canaria Cabildo Cup"]
[Site "Gran Canaria"]
[Date "2022.04.13"]
[Round "5"]
[White "Sanchez Quintero, Raul"]
[Black "Moreno Diepa, Diego"]
[Result "0-1"]
[WhiteElo "1868"]
[BlackElo "1995"]
[PlyCount "44"]
[EventDate "2022.04.10"]
[EventType "swiss"]
[EventRounds "7"]
[EventCountry "ESP"]
[SourceTitle "CBM 207 Extra"]
[Source "ChessBase"]
[SourceDate "2022.05.31"]
[SourceVersion "1"]
[SourceVersionDate "2022.05.31"]
[SourceQuality "1"]

1. d4 d5 2. Nf3 Nf6 3. g3 c5 4. c3 Nc6 5. Bg2 e6 6. 0-0 Be7 7. Bf4 0-0 8. Nbd2 cxd4 9. cxd4 Qb6 10. Nb3 a5 11. Rb1 a4 12. Nc1 Ne4 13. Nd3 a3 14. bxa3 Qa5 15. Rb3 Qa7 16. Qa1 f6 17. Bc1 Na5 18. Rb2 Nc4 19. Rc2 Bd7 20. Nb2 Nxa3 21. Rc7 Rfd8 22. Bf4 Nb5 0-1

[Event "Gran Canaria Cabildo Cup"]
[Site "Gran Canaria"]
[Date "2022.04.12"]
[Round "4"]
[White "Blanco Garcia Bajo, David"]
[Black "Sanchez Quintero, Raul"]
[Result "0-1"]
[WhiteElo "1255"]
[BlackElo "1868"]
[PlyCount "78"]
[EventDate "2022.04.10"]
[EventType "swiss"]
[EventRounds "7"]
[EventCountry "ESP"]
[SourceTitle "CBM 207 Extra"]
[Source "ChessBase"]
[SourceDate "2022.05.31"]
[SourceVersion "1"]
[SourceVersionDate "2022.05.31"]
[SourceQuality "1"]

1. e4 c5 2. Nc3 d6 3. f4 Nc6 4. Bb5 e6 5. Bxc6+ bxc6 6. Nf3 d5 7. d3 Nf6 8. 0-0 dxe4 9. dxe4 Ba6 10. Re1 Qxd1 11. Rxd1 Be7 12. Ne5 Rc8 13. b3 0-0 14. Be3 c4 15. a3 cxb3 16. cxb3 c5 17. Nd7 Rfd8 18. Nxc5 Rxd1+ 19. Rxd1 Rxc5 20. Bxc5 Bxc5+ 21. Kh1 h5 22. b4 Bb6 23. h3 h4 24. f5 e5 25. Kh2 Bb7 26. g3 hxg3+ 27. Kxg3 Nxe4+ 28. Nxe4 Bxe4 29. Rf1 Bd3 30. Rd1 Bxf5 31. a4 Bc2 32. Ra1 f5 33. a5 Bd4 34. Rc1 Be4 35. Rc8+ Kf7 36. b5 f4+ 37. Kg4 f3 38. Rc1 f2 39. Rd1 Bg2 0-1

[Event "Gran Canaria-ch Seniors 50"]
[Site "Gran Canaria"]
[Date "2020.02.21"]
[Round "6"]
[White "Rodriguez Melian, Jose Luis"]
[Black "Sanchez Quintero, Raul"]
[Result "1-0"]
[WhiteElo "2103"]
[BlackElo "1890"]
[PlyCount "54"]
[EventDate "2020.02.04"]
[EventType "swiss"]
[EventRounds "7"]
[EventCountry "ESP"]
[SourceTitle "CBM 195 Extra"]
[Source "ChessBase"]
[SourceDate "2020.05.31"]
[SourceVersion "1"]
[SourceVersionDate "2020.05.31"]
[SourceQuality "1"]

1. d4 Nf6 2. c4 e6 3. g3 c5 4. d5 exd5 5. cxd5 b5 6. Bg2 d6 7. a4 b4 8. Nd2 Be7 9. Nc4 0-0 10. Nf3 Ba6 11. Nfd2 Nbd7 12. h3 Re8 13. b3 Bf8 14. Bb2 Rb8 15. 0-0 Nb6 16. e4 Nxc4 17. bxc4 Nd7 18. Qf3 b3 19. Qd3 Rb4 20. Bc3 Rb7 21. Rfb1 g6 22. Ra3 Qe7 23. Raxb3 Rxb3 24. Rxb3 f5 25. exf5 gxf5 26. Qxf5 Bg7 27. Bxg7 Qxg7 1-0

[Event "Gran Canaria-ch Seniors 50"]
[Site "Gran Canaria"]
[Date "2020.02.18"]
[Round "5"]
[White "Sanchez Quintero, Raul"]
[Black "Bozinovic, Boban"]
[Result "1/2-1/2"]
[WhiteElo "1890"]
[BlackElo "1939"]
[PlyCount "64"]
[EventDate "2020.02.04"]
[EventType "swiss"]
[EventRounds "7"]
[EventCountry "ESP"]
[SourceTitle "CBM 195 Extra"]
[Source "ChessBase"]
[SourceDate "2020.05.31"]
[SourceVersion "1"]
[SourceVersionDate "2020.05.31"]
[SourceQuality "1"]

1. e4 c5 2. Nf3 d6 3. d4 cxd4 4. Qxd4 a6 5. c4 Nc6 6. Qd2 g6 7. Be2 Bg7 8. 0-0 Nf6 9. Nc3 0-0 10. h3 h5 11. Re1 Be6 12. Bf1 Rc8 13. Nd5 Bxd5 14. cxd5 Na5 15. Qb4 b5 16. a4 Nc4 17. axb5 axb5 18. Qxb5 Qc7 19. Ra6 Ne5 20. Nxe5 dxe5 21. Rc6 Qb8 22. Rxc8 Qxc8 23. Bd2 Qc2 24. Qb4 Ra8 25. f3 Qc7 26. Rc1 Qa7+ 27. Qc5 Nd7 28. Qxa7 Rxa7 29. Be3 Rb7 30. Rc2 f5 31. Rc8+ Kh7 32. exf5 gxf5 1/2-1/2

[Event "Gran Canaria-ch Seniors 50"]
[Site "Gran Canaria"]
[Date "2020.02.04"]
[Round "1"]
[White "Sanchez Quintero, Raul"]
[Black "Kleine, Peter"]
[Result "1-0"]
[WhiteElo "1890"]
[BlackElo "1525"]
[PlyCount "63"]
[EventDate "2020.02.04"]
[EventType "swiss"]
[EventRounds "7"]
[EventCountry "ESP"]
[SourceTitle "CBM 195 Extra"]
[Source "ChessBase"]
[SourceDate "2020.05.31"]
[SourceVersion "1"]
[SourceVersionDate "2020.05.31"]
[SourceQuality "1"]

1. e4 e5 2. f4 exf4 3. Nf3 Be7 4. Bc4 Nc6 5. 0-0 Nh6 6. d4 g5 7. Nc3 d6 8. Nd5 Bg4 9. c3 a6 10. b4 b5 11. Be2 Be6 12. Nxe7 Nxe7 13. Nxg5 Ng6 14. Nxe6 fxe6 15. Bxf4 Nxf4 16. Rxf4 Qg5 17. Qf1 Ke7 18. Qf2 Raf8 19. Qh4 Qxh4 20. Rxh4 Nf7 21. a4 c6 22. axb5 axb5 23. Ra7+ Kf6 24. Rf4+ Kg6 25. Bh5+ Kxh5 26. Rfxf7 Kg6 27. Rg7+ Kh6 28. Rg3 Rc8 29. Rf7 Rce8 30. Rgf3 Kg6 31. h4 h6 32. g4 1-0

[Event "Canarias-chT"]
[Site "Vecindario"]
[Date "2019.06.15"]
[Round "5.2"]
[White "Sanchez Quintero, Raul"]
[Black "Camino Carrio, Nicanor"]
[Result "0-1"]
[WhiteElo "1961"]
[BlackElo "1971"]
[PlyCount "80"]
[EventDate "2019.06.13"]
[EventType "team-swiss"]
[EventRounds "6"]
[EventCountry "ESP"]
[SourceTitle "EXT 2020"]
[Source "ChessBase"]
[SourceDate "2019.10.17"]
[SourceVersion "1"]
[SourceVersionDate "2019.10.17"]
[SourceQuality "1"]
[WhiteTeam "Sociedad La Montana"]
[BlackTeam "Bar Oleaje San Andres"]
[WhiteTeamCountry "ESP"]
[BlackTeamCountry "ESP"]

1. d4 Nf6 2. Bg5 g6 3. Nc3 Bg7 4. e4 d6 5. Qd2 h6 6. Bh4 0-0 7. f3 Nbd7 8. g4 c5 9. Nge2 Qa5 10. 0-0-0 b5 11. Kb1 b4 12. Nd5 Nxd5 13. exd5 Nf6 14. dxc5 dxc5 15. Nc1 Rd8 16. Bc4 Ba6 17. Nb3 Qb6 18. Bxa6 Qxa6 19. Nxc5 Qb6 20. Bf2 Rxd5 21. Nd3 Qd8 22. Qe2 e6 23. Nxb4 Qb8 24. c3 Rxd1+ 25. Qxd1 a5 26. Nc6 Qb7 27. Nd4 a4 28. Qe2 Rb8 29. Bg3 Rc8 30. Qb5 Qa8 31. Rc1 a3 32. b3 Nd5 33. Qd3 Qa5 34. Ne2 Nxc3+ 35. Nxc3 Rxc3 36. Rxc3 Bxc3 37. Kc2 Bf6 38. Bd6 Qa7 39. b4 Qf2+ 40. Kd1 Qxa2 0-1

[Event "Canarias-chT"]
[Site "Vecindario"]
[Date "2019.06.14"]
[Round "2.1"]
[White "Sanchez Quintero, Raul"]
[Black "Pap, Misa"]
[Result "1-0"]
[WhiteElo "1961"]
[BlackElo "2475"]
[PlyCount "87"]
[EventDate "2019.06.13"]
[EventType "team-swiss"]
[EventRounds "6"]
[EventCountry "ESP"]
[SourceTitle "EXT 2020"]
[Source "ChessBase"]
[SourceDate "2019.10.17"]
[SourceVersion "1"]
[SourceVersionDate "2019.10.17"]
[SourceQuality "1"]
[WhiteTeam "Sociedad La Montana"]
[BlackTeam "Grandama"]
[WhiteTeamCountry "ESP"]
[BlackTeamCountry "ESP"]

1. d4 Nf6 2. Nf3 e6 3. g3 b5 4. Bg2 Bb7 5. 0-0 Be7 6. c3 a5 7. Bg5 0-0 8. Nbd2 c5 9. Re1 d5 10. a3 Nbd7 11. e3 b4 12. axb4 cxd4 13. exd4 axb4 14. Rxa8 Bxa8 15. Ne5 h6 16. Bf4 g5 17. Nxd7 Nxd7 18. Be3 Qc7 19. cxb4 Kg7 20. h4 Rb8 21. hxg5 hxg5 22. Qg4 f5 23. Qh5 Rh8 24. Qe2 Nf8 25. Nf3 Qd8 26. Bd2 Bf6 27. b5 Bb7 28. Bb4 Bc8 29. Ne5 Ng6 30. Nxg6 Kxg6 31. Bc5 Bd7 32. b6 Qa8 33. b4 Qa4 34. g4 f4 35. Qb2 Ra8 36. Bf1 Bc8 37. Bd3+ Kg7 38. Qe2 Qb3 39. Rb1 Qc3 40. Qd1 Bxd4 41. Rc1 Qb2 42. Qc2 Be5 43. Bd6 Ra1 44. Qc7+ 1-0

[Event "Canarias-chT"]
[Site "Vecindario"]
[Date "2019.06.14"]
[Round "3.1"]
[White "Uzcategui Rodriguez, Alejandro"]
[Black "Sanchez Quintero, Raul"]
[Result "1-0"]
[WhiteElo "2229"]
[BlackElo "1961"]
[PlyCount "93"]
[EventDate "2019.06.13"]
[EventType "team-swiss"]
[EventRounds "6"]
[EventCountry "ESP"]
[SourceTitle "EXT 2020"]
[Source "ChessBase"]
[SourceDate "2019.10.17"]
[SourceVersion "1"]
[SourceVersionDate "2019.10.17"]
[SourceQuality "1"]
[WhiteTeam "La Caja de Canarias"]
[BlackTeam "Sociedad La Montana"]
[WhiteTeamCountry "ESP"]
[BlackTeamCountry "ESP"]

1. e4 e5 2. d4 d6 3. Nf3 Nc6 4. Bb5 Bd7 5. Nc3 exd4 6. Nxd4 Nxd4 7. Qxd4 Bxb5 8. Nxb5 c6 9. Nc3 Qf6 10. Qb4 Qe7 11. Be3 Nf6 12. 0-0-0 Qc7 13. Rhe1 Be7 14. e5 dxe5 15. Bc5 Bxc5 16. Qxc5 Nd7 17. Nb5 0-0-0 18. Nd6+ Kb8 19. Qe3 Rhf8 20. Qg5 g6 21. Qe7 f6 22. Nf7 Rfe8 23. Qa3 Rc8 24. Nd6 Nb6 25. Nxe8 Rxe8 26. Qd6 Qxd6 27. Rxd6 f5 28. Rf6 Re7 29. b3 Nd5 30. Rf8+ Kc7 31. h4 e4 32. h5 Nf4 33. hxg6 hxg6 34. g3 Nd5 35. Rg8 Re6 36. Rd1 Kb6 37. Rg7 a5 38. a3 a4 39. b4 e3 40. fxe3 Rxe3 41. Rd3 Re1+ 42. Kd2 Rg1 43. c4 Rg2+ 44. Ke1 Nf6 45. Rf7 Ne4 46. Rdd7 c5 47. b5 1-0

[Event "Canarias-chT"]
[Site "Vecindario"]
[Date "2018.06.03"]
[Round "6.2"]
[White "Sanchez Quintero, Raul"]
[Black "Viera Falcon, Cristo"]
[Result "1-0"]
[WhiteElo "2007"]
[BlackElo "1903"]
[PlyCount "58"]
[EventDate "2018.05.31"]
[EventType "team-swiss"]
[EventRounds "6"]
[EventCountry "ESP"]
[SourceTitle "EXT 2024"]
[Source "ChessBase"]
[SourceDate "2023.10.10"]
[SourceVersion "1"]
[SourceVersionDate "2023.10.10"]
[SourceQuality "1"]
[WhiteTeam "Sociedad La Montana"]
[BlackTeam "Telde Los Llanos"]
[WhiteTeamCountry "ESP"]
[BlackTeamCountry "ESP"]

1. d4 Nf6 2. Bg5 d5 3. Bxf6 gxf6 4. e3 e6 5. f4 e5 6. fxe5 fxe5 7. Qh5 Bg7 8. dxe5 Qe7 9. Nc3 c6 10. Nf3 Nd7 11. Qg4 0-0 12. 0-0-0 Nxe5 13. Qg3 Ng6 14. Nd4 Bh6 15. Re1 Bg5 16. Qf2 Re8 17. Nd1 c5 18. Nf3 Bh6 19. Bb5 Bd7 20. Bxd7 Qxd7 21. Kb1 a5 22. h4 Qg4 23. h5 Ne5 24. Nc3 Rad8 25. e4 Nc4 26. Nxd5 Bg7 27. Rh4 Qd7 28. h6 Bxb2 29. c3 Qb5 1-0

[Event "Gran Canaria Cabildo op"]
[Site "Gran Canaria"]
[Date "2018.04.10"]
[Round "7"]
[White "Sanchez Quintero, Raul"]
[Black "Damaso Tacoronte, Carolina"]
[Result "1/2-1/2"]
[WhiteElo "2008"]
[BlackElo "1746"]
[PlyCount "75"]
[EventDate "2018.03.06"]
[EventType "swiss"]
[EventRounds "7"]
[EventCountry "ESP"]
[SourceTitle "CBM 183 Extra"]
[Source "ChessBase"]
[SourceDate "2018.04.19"]
[SourceVersion "1"]
[SourceVersionDate "2018.04.19"]
[SourceQuality "1"]

1. e4 c5 2. f4 d5 3. Bb5+ Bd7 4. Bxd7+ Qxd7 5. exd5 Nf6 6. c4 e6 7. Qe2 Bd6 8. dxe6 fxe6 9. d3 0-0 10. Nf3 Nc6 11. Nc3 Rae8 12. 0-0 e5 13. f5 Nd4 14. Nxd4 exd4 15. Ne4 Nxe4 16. dxe4 Rxf5 17. Bd2 Rxf1+ 18. Rxf1 Be5 19. Qd3 Qe7 20. g3 Rf8 21. Rxf8+ Kxf8 22. a3 b6 23. b4 Bf6 24. Kg2 h6 25. Qf3 Qe6 26. bxc5 bxc5 27. Bf4 Ke8 28. e5 Bd8 29. Qd5 Qxd5+ 30. cxd5 c4 31. Kf3 Bg5 32. h4 Bxf4 33. gxf4 h5 34. f5 c3 35. Ke2 a6 36. Kd3 a5 37. a4 Ke7 38. Kc2 1/2-1/2

[Event "Las Palmas Insular-chT Honor 1718"]
[Site "Las Palmas"]
[Date "2018.03.10"]
[Round "9.1"]
[White "Sanchez Quintero, Raul"]
[Black "Ortega Hermida, Daniel"]
[Result "0-1"]
[WhiteElo "2008"]
[BlackElo "2321"]
[PlyCount "98"]
[EventDate "2017.10.28"]
[EventType "team-tourn"]
[EventRounds "9"]
[EventCountry "ESP"]
[SourceTitle "EXT 2021"]
[Source "ChessBase"]
[SourceDate "2020.10.23"]
[SourceVersion "1"]
[SourceVersionDate "2020.10.23"]
[SourceQuality "1"]
[WhiteTeam "Sociedad La Montana"]
[BlackTeam "Grandama"]
[WhiteTeamCountry "ESP"]
[BlackTeamCountry "ESP"]

1. Nf3 Nf6 2. g3 d5 3. Bg2 e6 4. 0-0 Be7 5. b3 a5 6. a4 0-0 7. Ba3 Bxa3 8. Nxa3 Nc6 9. d4 Qe7 10. Ne5 Nxe5 11. dxe5 Nd7 12. Qd4 c6 13. c3 f6 14. exf6 Nxf6 15. f4 Re8 16. Nc2 e5 17. fxe5 Qxe5 18. Qxe5 Rxe5 19. Bf3 Bh3 20. Rfc1 Rae8 21. b4 Ne4 22. Nd4 Nd2 23. Ra2 Nc4 24. Nb3 Re3 25. Nxa5 Nxa5 26. bxa5 Ra8 27. Kf2 Re7 28. g4 h5 29. gxh5 Rxa5 30. Rg1 Kh7 31. Rga1 Bf5 32. Ke1 Bd3 33. Kd2 Bc4 34. Ra3 Re8 35. Bg4 Kh6 36. Bf3 Re6 37. Rb1 Re7 38. Rb6 Kh7 39. Bg4 Ra8 40. Bf5+ Kh6 41. Bd3 Rae8 42. a5 Bxd3 43. Kxd3 Re3+ 44. Kc2 Rxe2+ 45. Kd3 R2e3+ 46. Kd4 R8e4+ 47. Kc5 Rc4+ 48. Kd6 d4 49. Rxb7 dxc3 0-1

[Event "Las Palmas Insular-chT Honor 1718"]
[Site "Las Palmas"]
[Date "2018.02.03"]
[Round "7.2"]
[White "Arana Herrera, Antonio"]
[Black "Sanchez Quintero, Raul"]
[Result "0-1"]
[WhiteElo "1930"]
[BlackElo "2008"]
[PlyCount "80"]
[EventDate "2017.10.28"]
[EventType "team-tourn"]
[EventRounds "9"]
[EventCountry "ESP"]
[SourceTitle "EXT 2019"]
[Source "ChessBase"]
[SourceDate "2018.10.10"]
[SourceVersion "1"]
[SourceVersionDate "2018.10.10"]
[SourceQuality "1"]
[WhiteTeam "Telde Los Llanos"]
[BlackTeam "Sociedad La Montana"]
[WhiteTeamCountry "ESP"]
[BlackTeamCountry "ESP"]

1. d4 Nf6 2. Nf3 b6 3. Bf4 Bb7 4. e3 Nh5 5. Be5 d6 6. Bg3 g6 7. c3 Bg7 8. Nbd2 0-0 9. Bc4 Nd7 10. Qb3 e5 11. Bh4 Bf6 12. Bg3 e4 13. Ng1 Qe7 14. Ne2 c6 15. Qa3 Nxg3 16. hxg3 b5 17. Bb3 a5 18. Bc2 c5 19. Nf4 b4 20. Qa4 Rfc8 21. Bxe4 Bxe4 22. Nxe4 Qxe4 23. Qxd7 bxc3 24. bxc3 cxd4 25. cxd4 Bxd4 26. Rd1 Bxe3 27. 0-0 Bxf4 28. gxf4 Qxf4 29. Rxd6 Rc5 30. Rd5 Rac8 31. g3 Qc7 32. Qxc7 R8xc7 33. Rd8+ Kg7 34. Ra8 Rd7 35. a4 Rd2 36. Ra1 h5 37. Ra6 Rf5 38. f4 g5 39. fxg5 Rxg5 40. Ra3 h4 0-1

[Event "Gran Canaria Fiestas Dolores 2nd"]
[Site "Gran Canaria"]
[Date "2017.09.06"]
[Round "3"]
[White "Sanchez Quintero, Raul"]
[Black "Alba Santana, Cayetano"]
[Result "1-0"]
[WhiteElo "1996"]
[BlackElo "1891"]
[PlyCount "109"]
[EventDate "2017.09.04"]
[EventType "swiss"]
[EventRounds "6"]
[EventCountry "ESP"]
[SourceTitle "CBM 180 Extra"]
[Source "ChessBase"]
[SourceDate "2017.10.06"]
[SourceVersion "1"]
[SourceVersionDate "2017.10.06"]
[SourceQuality "1"]

1. e4 c5 2. Nf3 d6 3. Bb5+ Bd7 4. Bxd7+ Qxd7 5. 0-0 Nc6 6. Re1 Nf6 7. c3 e6 8. d4 cxd4 9. Nxd4 Be7 10. Nd2 0-0 11. N2f3 Ne5 12. Bf4 Nxf3+ 13. Nxf3 Qc6 14. Qe2 a6 15. Rad1 Rad8 16. h3 b5 17. Bg5 h6 18. Bh4 Rfe8 19. e5 Nd5 20. Bg3 Nb6 21. Rd4 d5 22. Bh4 Rc8 23. Bxe7 Rxe7 24. Rg4 Nc4 25. Nd4 Qd7 26. Rg3 Kh7 27. b3 Nb6 28. Qg4 Rg8 29. f4 g6 30. Qd1 Nc8 31. Rf3 Na7 32. Kh1 Nc6 33. Nc2 Ree8 34. Ne3 Rd8 35. Ng4 Kg7 36. Nf6 Qc7 37. Nxg8 Kxg8 38. Rd3 Ne7 39. Qd2 Kg7 40. Qf2 Rc8 41. Qh4 Ng8 42. Qf2 Ne7 43. g4 Qb7 44. Kh2 Qc7 45. Qh4 Ng8 46. f5 Qa5 47. f6+ Kh7 48. Qf2 Qc7 49. Qg3 Qa5 50. Re2 Qc7 51. h4 a5 52. a3 Qc6 53. h5 Qc7 54. g5 Qd7 55. Rf3 1-0

[Event "Las Palmas Cabildo op"]
[Site "Las Palmas"]
[Date "2017.03.31"]
[Round "7"]
[White "Sanchez Quintero, Raul"]
[Black "Martinez Molina, Jose Juan"]
[Result "1-0"]
[WhiteElo "1996"]
[BlackElo "1747"]
[PlyCount "77"]
[EventDate "2017.03.10"]
[EventType "swiss"]
[EventRounds "7"]
[EventCountry "ESP"]
[SourceTitle "EXT 2018"]
[Source "ChessBase"]
[SourceDate "2017.10.13"]
[SourceVersion "1"]
[SourceVersionDate "2017.10.13"]
[SourceQuality "1"]

1. e4 c5 2. Nf3 d6 3. d4 cxd4 4. Nxd4 Nf6 5. Nc3 a6 6. g3 e5 7. Nde2 Bg4 8. Bg2 Qc8 9. h3 Be6 10. Bg5 Be7 11. Bxf6 Bxf6 12. Qxd6 Nd7 13. 0-0 Be7 14. Qd1 0-0 15. Nd5 Bd8 16. Nec3 Rb8 17. f4 exf4 18. gxf4 f6 19. Kh1 b5 20. a3 a5 21. Qd2 Kh8 22. Rad1 Nb6 23. Nxb6 Rxb6 24. Nd5 Rc6 25. c3 Bxh3 26. Bxh3 Qxh3+ 27. Qh2 Qe6 28. Rfe1 f5 29. e5 Qc8 30. Re3 Rh6 31. Rh3 b4 32. Rxh6 gxh6 33. axb4 axb4 34. Nxb4 Qc4 35. Rg1 Bb6 36. Qxh6 Qe4+ 37. Rg2 Qe1+ 38. Kh2 Rf7 39. Qg5 1-0

[Event "Las Palmas Cabildo op"]
[Site "Las Palmas"]
[Date "2017.03.24"]
[Round "5"]
[White "Sanchez Quintero, Raul"]
[Black "Medina Martin, Alberto"]
[Result "1-0"]
[WhiteElo "1996"]
[BlackElo "1790"]
[PlyCount "39"]
[EventDate "2017.03.10"]
[EventType "swiss"]
[EventRounds "7"]
[EventCountry "ESP"]
[SourceTitle "EXT 2018"]
[Source "ChessBase"]
[SourceDate "2017.10.13"]
[SourceVersion "1"]
[SourceVersionDate "2017.10.13"]
[SourceQuality "1"]

1. e4 e6 2. d4 d5 3. Nc3 Nf6 4. Bg5 Bb4 5. e5 h6 6. Bc1 Ne4 7. Nge2 b6 8. a3 Nxc3 9. bxc3 Be7 10. Nf4 Ba6 11. Bxa6 Nxa6 12. Qd3 Qc8 13. 0-0 0-0 14. Nh5 Kh8 15. Re1 c5 16. Qh3 Rg8 17. Nf6 Bxf6 18. Bxh6 Kh7 19. Bf4+ Kg6 20. Qg4+ 1-0

[Event "Las Palmas Cabildo op"]
[Site "Las Palmas"]
[Date "2017.03.21"]
[Round "4"]
[White "Sosa Suarez, Carla Cristina"]
[Black "Sanchez Quintero, Raul"]
[Result "1-0"]
[WhiteElo "1887"]
[BlackElo "1996"]
[PlyCount "69"]
[EventDate "2017.03.10"]
[EventType "swiss"]
[EventRounds "7"]
[EventCountry "ESP"]
[SourceTitle "EXT 2018"]
[Source "ChessBase"]
[SourceDate "2017.10.13"]
[SourceVersion "1"]
[SourceVersionDate "2017.10.13"]
[SourceQuality "1"]

1. e4 e5 2. Nf3 d6 3. d4 Nf6 4. Nc3 Nbd7 5. Bc4 Be7 6. 0-0 0-0 7. Re1 a6 8. a4 h6 9. Ba2 Re8 10. Nh4 Bf8 11. Nf5 exd4 12. Nxd4 Nc5 13. Qf3 g6 14. Qg3 Ne6 15. Be3 Nh5 16. Qf3 Qf6 17. Nd5 Qg7 18. Rad1 c5 19. Ne2 Qe5 20. Bd2 Bg7 21. h4 Qxb2 22. Bb3 c4 23. Bxc4 Qxc2 24. Bb3 Qb2 25. Bb4 Nc5 26. Rb1 Qe5 27. Nc7 Nxb3 28. Rxb3 Be6 29. Nxe8 Rxe8 30. Bc3 Qc5 31. Rxb7 Qc6 32. Rbb1 Qxa4 33. g4 Bc4 34. gxh5 Bxe2 35. Rxe2 1-0

[Event "Las Palmas Insular-chT Primera-B 1617"]
[Site "Las Palmas"]
[Date "2017.02.04"]
[Round "10.1"]
[White "Sanchez Quintero, Raul"]
[Black "Lopez Colon, Francisco"]
[Result "1/2-1/2"]
[WhiteElo "2004"]
[BlackElo "1999"]
[PlyCount "53"]
[EventDate "2016.10.22"]
[EventType "team-tourn"]
[EventRounds "14"]
[EventCountry "ESP"]
[SourceTitle "EXT 2018"]
[Source "ChessBase"]
[SourceDate "2017.10.13"]
[SourceVersion "1"]
[SourceVersionDate "2017.10.13"]
[SourceQuality "1"]
[WhiteTeam "Sociedad La Montana"]
[BlackTeam "Drago de Sataute Centro Goya III"]
[WhiteTeamCountry "ESP"]
[BlackTeamCountry "ESP"]

1. d4 d5 2. c4 e6 3. Nc3 Nf6 4. Bg5 Be7 5. e3 0-0 6. Nf3 h6 7. Bh4 b6 8. cxd5 exd5 9. Bd3 Bb7 10. Qc2 Nbd7 11. 0-0 c5 12. Rfd1 cxd4 13. Nxd4 Ne5 14. Be2 Ne4 15. Bg3 Nxg3 16. hxg3 Rc8 17. Qb3 Bc5 18. Nf3 Nc4 19. Nxd5 Bxd5 20. Bxc4 Bxc4 21. Qxc4 Qf6 22. Qe2 Rfd8 23. e4 Re8 24. Rac1 Qe6 25. a3 a5 26. e5 f6 27. Re1 1/2-1/2